000 00491nam a2200181 i 4500
001 43938
003 ES-MaACL
005 20231204171112.0
007 t|
008 030320s1960 sp ||||1| spa d
100 1 _aCavestany, Pablo,
_d1886-1965
_937194
245 1 4 _aLos desvividos
_b: novela /
_cPablo Cavestany.
250 _a[1ยช ed.].
260 _aBarcelona :
_bJuventud,
_c[1960]
300 _a439 p. ;
_c20 cm.
852 _aES-MaACL
_jC-17136
_bR.45614
999 _c43938
_d43938